| 000 | 00716nab a2200181 4500 | ||
|---|---|---|---|
| 001 | 29787 | ||
| 003 | OSt | ||
| 005 | 20230512072557.0 | ||
| 007 | tu | ||
| 008 | 110905s1917||||||| | ||
| 040 |
_aDE-2950 _cDE-2950 |
||
| 245 | 0 | 4 |
_aEin Wort über neue Paul Gehrhardt-Literatur und ein Denkmal des Dichters zu Lübben. _bEin Beitrag zur Heimatkunde / _cvon Pfarrer G. Asselmann, Schlepzig |
| 264 | _c1899 | ||
| 500 | _aFormat: 1 | ||
| 653 | _aGerhardt, Paul; Kirchenlieddichter, Pfarrer, Schriftsteller, Evangelischer Theologe, Komponist, Librettist, Theologe, Dichter <Kirchenlieddichter>, 1607-1676 | ||
| 773 | 0 |
_g89. Jahrgang, Nr. 236, 07.10.1899, 7. Oktober 1899, II. Beilage _tFrankfurter Oderzeitung |
|
| 942 |
_2z _cA |
||
| 999 |
_c372431 _d372431 |
||